Manchester United fifa 23 ratings - Statistics

General Stats
  • This quiz has been taken 78 times
    66 since last reset
  • The average score is 16 of 27
Answer Stats
Rating Nationality Answer % Correct
86 Portugal Bruno Fernandes
100%
87 Spain David de Gea
98%
89 Brazil Casemiro
96%
84 England Marcus Rashford
91%
85 France Raphaël Varane
88%
83 Denmark Christian Eriksen
86%
83 Argentina Lisandro Martínez
82%
82 England Luke Shaw
74%
81 Brazil Antony
72%
81 Austria Marcel Sabitzer
72%
80 Portugal Diogo Dalot
70%
79 Scotland Scott McTominay
67%
80 Brazil Fred
65%
83 England Jadon Sancho
65%
80 France Anthony Martial
61%
80 England Harry Maguire
60%
79 Sweden Victor Lindelöf
60%
79 England Aaron Wan-Bissaka
44%
73 Sweden Anthony Elanga
44%
77 Netherlands Donny van de Beek
44%
79 Netherlands Tyrell Malacia
44%
79 Netherlands Wout Weghorst
39%
70 Uruguay Facundo Pellistri
30%
73 England Brandon Williams
14%
72 England Tom Heaton
14%
71 England Phil Jones
11%
72 England Jack Butland
7%
No matching quizzes found
Score Distribution
Percent of People with Each Score
Percentile by Number Answered
Your Score History
You have not taken this quiz since the last reset